000 00743nam a2200265 i 4500
001 C2-0010674
003 PPAK
005 20190630221907.0
008 970129s1990 my |||| ||||| | may d
020 _a9836216820
040 _aPPAK
_beng
_cPPAK
_erda
082 0 4 _a330.0151
_223
090 0 0 _a330.0151
_bABD
_dG
090 0 0 _a330.0151
_bABD
_dKIH
090 0 0 _a330.0151
_bABD
_dKSA
100 0 _aAbdul Hamid Jaafar,
_eauthor
245 1 0 _aEkonomi matematik
_bsuatu pengenalan
264 1 _aKuala Lumpur :
_bDewan Bahasa dan Pustaka ,
_c1990
300 _axi, 290 pages ;
_c21 cm
336 _2rdacontent
_atext
337 _2rdamedia
_aunmediated
338 _2rdacarrier
_avolume
650 1 0 _aEconomics, Mathematical
942 _ddc
_cB
999 _c2754
_d2754